Feminist, Islam, and Nation; Gender and the Making of Modern Egypt (Record no. 9686)

MARC details
000 -LEADER
fixed length control field 00637nam a2200241 a 4500
020 ## - INTERNATIONAL STANDARD BOOK NUMBER
ISBN 069106X
082 00 - DEWEY DECIMAL CLASSIFICATION NUMBER
Classification number 305.420962
Author Cutter BAD
100 ## - MAIN ENTRY--AUTHOR NAME
Author name Badran, Margot
245 ## - TITLE STATEMENT
Title Feminist, Islam, and Nation; Gender and the Making of Modern Egypt
260 ## - PUBLICATION, DISTRIBUTION, ETC. (IMPRINT)
Place of publication Princeton
Name of publisher Princeton University Press
Year of publication 1995
300 ## - PHYSICAL DESCRIPTION
Number of Pages 352p
500 ## - GENERAL NOTE
General note includes index and biblioraphy
505 2# - FORMATTED CONTENTS NOTE
Formatted contents note Index
650 ## - SUBJECT ADDED ENTRY--TOPICAL TERM
Topical Term Women-Egypt
942 ## - ADDED ENTRY ELEMENTS (KOHA)
Koha item type Books
700 1# -
-- Badran, Margot
Holdings
Collection code Home library Current library Date acquired Cost, normal purchase price Full call number Accession Number Koha item type
  Henry Martyn Institute Library Henry Martyn Institute Library 03/23/2007 2025.00 305.420962 BAD 019293 Books
                   Copyright © 2026 | Henry Martyn Institute | Hyderabad | TS-500052 | INDIA | Implemented by hmi.edu.in
Hit-Count:

Powered by Koha